|
|
|
|
| LEADER |
00000nam a2200000 i 4500 |
| 001 |
1/53339 |
| 008 |
040420s1993 eng d |
| 020 |
|
|
|a 0-582-08977-8
|
| 035 |
|
|
|l 10073082
|
| 040 |
|
|
|a GR-MY-UA
|b gre
|e aacr
|
| 041 |
0 |
|
|a eng
|
| 082 |
0 |
|
|a 808.0668
|2 (21)
|
| 100 |
1 |
|
|a Fabb, Nigel.
|
| 245 |
1 |
0 |
|a How to write essays, dissertations and theses in literary studies /
|c Nigel Fabb, Alan Durant
|
| 260 |
|
|
|a Harlow, England :
|b Longman,
|c 1993
|
| 300 |
|
|
|a xii, 146 p.;
|c 22 cm.
|
| 504 |
|
|
|a Includes bibliographical references and index
|
| 650 |
0 |
0 |
|a Criticism
|x Authorship.
|
| 650 |
0 |
0 |
|a Literature
|x History and criticism
|x Theory, etc.
|
| 650 |
0 |
0 |
|a Dissertations, Academic
|x Authorship.
|
| 650 |
0 |
0 |
|a English language
|x Rhetoric.
|
| 650 |
0 |
0 |
|a Essay
|x Authorship.
|
| 700 |
1 |
|
|a Durant, Alan.
|
| 852 |
|
|
|a INST
|b SYROS
|e 20040420
|h 808.0668 FAB
|p 005500002925
|q 005500002925
|t BK
|y 0
|
| 901 |
|
|
|a BIBL5-2004-2
|
| 909 |
|
|
|a Ε
|b 111751
|
| 922 |
|
|
|a 5ΕΛΗ
|b 200307
|c ΒΙΒΛΙΟΘΗΚΗ ΣΥΡΟΥ
|d ΠΑΠΑΣΩΤΗΡΙΟΥ
|
| 950 |
|
|
|a 188-2003-07-04
|
| 970 |
|
|
|a ΒΟΙΚΟΥ
|b ΧΡΥΣΑΝΘΗ
|z 2004/05/04
|